000 01174nam a22003491i 4500
001 bslw10068713
005 20240305165655.0
006 m o d
007 cr un ---uuuua
008 230713s2019 ck ab ob 000 0 spa d
020 _a9789587718331
020 _a9789587718348
_q(eISBN)
035 _a38741
040 _aUtOrBLW
_beng
_erda
_cUtOrBLW
050 4 _aP121
_b.N56 2019
082 0 4 _a410
_223
100 1 _aNiño Rojas, Víctor Miguel,
_eauthor.
245 1 0 _aSemiótica y lingüística :
_bfundamentos /
_cVíctor Miguel Niño Rojas.
250 _aSéptima edición.
264 1 _aBogotá, Colombia :
_bEcoe Ediciones,
_c2019.
300 _a1 online resource (xxiv, 290 pages) :
_billustrations, map
336 _atext
_btxt
_2rdacontent
337 _acomputer
_bc
_2rdamedia
338 _aonline resource
_bcr
_2rdacarrier
490 1 _aColección Educación y pedagogía. Área linguística
504 _aIncludes bibliographical references.
650 0 _aSemiotics.
650 0 _aLinguistics.
830 0 _aColección Educación y pedagogía.
_pÁrea linguística.
856 4 0 _uhttps://app.vlex.com/#/sources/38741
942 _cRAA
999 _c173039
_d173039